| 000 | 00615nam a2200205 i 4500 | ||
|---|---|---|---|
| 001 | 50285 | ||
| 003 | ES-MaACL | ||
| 005 | 20231218172849.0 | ||
| 007 | t| | ||
| 008 | 030801s1968 sp ||||1| spa d | ||
| 100 | 1 |
_aCrossman, R.H.S. _941727 _eaut |
|
| 245 | 1 | 3 |
_aEl socialismo en la sociedad opulenta / _cR. H. S. Crossman ; [traducción de Enrique Barón]. |
| 250 | _a2ª ed. | ||
| 260 |
_aMadrid : _bZYX, _c1968 |
||
| 300 |
_a55 p. ; _c17 cm. |
||
| 700 | 1 |
_aBarón, Enrique, _d1944- _etrl _925767 |
|
| 852 |
_aES-MaACL _jC-36881 _bR.67552 |
||
| 942 |
_2udc _cMONOGRAFIA _n0 |
||
| 999 |
_c50285 _d50285 |
||